000 01651nam a2200433 a 4500
001 dia_1844
003 CHAP
005 20260210095434.0
007 ta
008 220117s1976 mx bd fr 001 0 spa d
010 _a172381
040 _cCHAP
_amxchpua
041 _aspa
_hspa
050 1 _aS535.M4
_b.O34 1977
082 _a631.75
_bO34 1977
_220
100 1 _aGonzález Romero, Vicente
_949369
245 1 0 _aOferta y demanda de profesores en el Sistema Nacional de Enseñanza Agrícola Superior en México /
_cVicente González Romero...(y otros 5)
250 _a1a edición
264 _aMéxico :
_bENA. Colegio de Postgraduados,
_c1976
300 _a205 páginas :
_bmapas, gráficas, tablas
336 _2rdacontent
_atexto
_btxt
337 _2rdamedia
_ano mediado
_bn
338 _2rdacarrier
_avolumen
_bnc
650 1 7 _aEducación agrícola
_zMéxico
_2atg
_935552
650 1 7 _aEducación agrícola
_xFormación docente
_935519
_2atg
650 1 3 _aDocentes
_xSalarios y remuneración
_9189297
_2atg
650 1 3 _aAgricultural education
_zMexico
_2atg
_9150107
650 1 3 _aAgricultural education
_zMexico
_2atg
_9150107
_xTeacher education
650 1 3 _aTeachers
_2atg
_9189298
_xWages and remuneration
700 1 _aCarrillo Liz, Alfonso
_919506
_eautor
700 1 _aHerrera Haro, José G.
_954890
_eautor
700 1 _aBastida Castañeda, Roberto R.
_910741
_eautor
700 1 _aBaños Baños, Francisco
_eautor
_99989
700 1 _aBurguete Hernández, José Francisco
_916187
_eautor
901 _a631.75 O34 1976
902 _aM
905 _a0000001976 MEXX 0000000000ESP00
942 _cLIBRO
_2ddc
999 _c172381
_d172381